<?xml version="1.0" encoding="UTF-8"?>
<record
    xmlns:xsi="http://www.w3.org/2001/XMLSchema-instance"
    xsi:schemaLocation="http://www.loc.gov/MARC21/slim http://www.loc.gov/standards/marcxml/schema/MARC21slim.xsd"
    xmlns="http://www.loc.gov/MARC21/slim">

  <leader>01401aam a2200397 a 4500</leader>
  <datafield tag="999" ind1=" " ind2=" ">
    <subfield code="c">7499</subfield>
    <subfield code="d">7499</subfield>
  </datafield>
  <controlfield tag="001">991001678389706706</controlfield>
  <controlfield tag="003">OSt</controlfield>
  <controlfield tag="005">20211203125841.0</controlfield>
  <controlfield tag="008">910628s1987    sp ||||||     000 ||spa|c</controlfield>
  <datafield tag="017" ind1=" " ind2=" ">
    <subfield code="a">DL M 19619-1987</subfield>
  </datafield>
  <datafield tag="020" ind1=" " ind2=" ">
    <subfield code="a">8430660062</subfield>
  </datafield>
  <datafield tag="035" ind1=" " ind2=" ">
    <subfield code="a">(ES-BaCBU)b10371291-34csuc_network</subfield>
  </datafield>
  <datafield tag="035" ind1=" " ind2=" ">
    <subfield code="a">(ES-BaCBU).b10371291</subfield>
  </datafield>
  <datafield tag="035" ind1=" " ind2=" ">
    <subfield code="a">(ccuc001)b10371291</subfield>
  </datafield>
  <datafield tag="035" ind1=" " ind2=" ">
    <subfield code="a">(OCoLC)801912438</subfield>
  </datafield>
  <datafield tag="040" ind1=" " ind2=" ">
    <subfield code="a">ES-BaCBU</subfield>
    <subfield code="b">cat</subfield>
    <subfield code="c">CDMR</subfield>
    <subfield code="d">ES-BaBC</subfield>
  </datafield>
  <datafield tag="041" ind1="1" ind2=" ">
    <subfield code="a">spa</subfield>
    <subfield code="h">ger</subfield>
  </datafield>
  <datafield tag="080" ind1=" " ind2=" ">
    <subfield code="a">141.82:659.3</subfield>
    <subfield code="2">2004</subfield>
  </datafield>
  <datafield tag="080" ind1=" " ind2=" ">
    <subfield code="a">659.3:316.4</subfield>
    <subfield code="2">2004</subfield>
  </datafield>
  <datafield tag="090" ind1=" " ind2=" ">
    <subfield code="a">PN4731</subfield>
    <subfield code="b">.M3718 1987</subfield>
  </datafield>
  <datafield tag="100" ind1="1" ind2=" ">
    <subfield code="a">Marx, Karl</subfield>
    <subfield code="d">1818-1883</subfield>
    <subfield code="9">4198</subfield>
  </datafield>
  <datafield tag="245" ind1="1" ind2="0">
    <subfield code="a">Sobre prensa, periodismo y comunicaci&#xF3;n /</subfield>
    <subfield code="c">Karl Marx, Friedrich Engels ; introducci&#xF3;n, compilaci&#xF3;n, versi&#xF3;n castellana y notas de Vicente Romano</subfield>
  </datafield>
  <datafield tag="260" ind1=" " ind2=" ">
    <subfield code="a">Madrid :</subfield>
    <subfield code="b">Taurus,</subfield>
    <subfield code="c">cop. 1987</subfield>
  </datafield>
  <datafield tag="300" ind1=" " ind2=" ">
    <subfield code="a">346 p. ;</subfield>
    <subfield code="c">21 cm</subfield>
  </datafield>
  <datafield tag="490" ind1="1" ind2=" ">
    <subfield code="a">Noesis de comunicaci&#xF3;n ;</subfield>
    <subfield code="v">6</subfield>
  </datafield>
  <datafield tag="504" ind1=" " ind2=" ">
    <subfield code="a">Refer&#xE8;ncies bibliogr&#xE0;fiques</subfield>
  </datafield>
  <datafield tag="650" ind1=" " ind2="7">
    <subfield code="a">Comunisme i mitjans de comunicaci&#xF3; de massa</subfield>
    <subfield code="2">lemac</subfield>
  </datafield>
  <datafield tag="650" ind1=" " ind2="7">
    <subfield code="a">Mitjans de comunicaci&#xF3; de massa</subfield>
    <subfield code="x">Aspectes socials</subfield>
    <subfield code="2">lemac</subfield>
  </datafield>
  <datafield tag="700" ind1="1" ind2=" ">
    <subfield code="a">Engels, Friedrich</subfield>
    <subfield code="d">1820-1895</subfield>
    <subfield code="9">4199</subfield>
  </datafield>
  <datafield tag="700" ind1="1" ind2=" ">
    <subfield code="a">Romano, Vicente</subfield>
    <subfield code="d">1935-2014,</subfield>
    <subfield code="9">1272</subfield>
  </datafield>
  <datafield tag="830" ind1=" " ind2="0">
    <subfield code="a">Noesis de comunicaci&#xF3;n ;</subfield>
    <subfield code="v">6</subfield>
  </datafield>
  <datafield tag="907" ind1=" " ind2=" ">
    <subfield code="a">.b10371291</subfield>
    <subfield code="b">26-02-21</subfield>
    <subfield code="c">06-05-08</subfield>
    <subfield code="d">21-03-18</subfield>
    <subfield code="e">m</subfield>
    <subfield code="f">a</subfield>
    <subfield code="g">-</subfield>
    <subfield code="h">spa</subfield>
    <subfield code="i">sp</subfield>
    <subfield code="j">0</subfield>
    <subfield code="k">3</subfield>
  </datafield>
  <datafield tag="908" ind1=" " ind2=" ">
    <subfield code="a">CLR</subfield>
    <subfield code="a">UAB</subfield>
    <subfield code="a">UPF</subfield>
    <subfield code="a">URV</subfield>
    <subfield code="a">BC</subfield>
  </datafield>
  <datafield tag="940" ind1=" " ind2=" ">
    <subfield code="a">BC</subfield>
  </datafield>
  <datafield tag="942" ind1=" " ind2=" ">
    <subfield code="2">udc</subfield>
    <subfield code="c">MON</subfield>
  </datafield>
  <datafield tag="952" ind1=" " ind2=" ">
    <subfield code="0">0</subfield>
    <subfield code="1">0</subfield>
    <subfield code="4">0</subfield>
    <subfield code="7">1</subfield>
    <subfield code="a">CDMR</subfield>
    <subfield code="b">CDMR</subfield>
    <subfield code="d">2021-12-03</subfield>
    <subfield code="e">Donaci&#xF3;</subfield>
    <subfield code="g">78.00</subfield>
    <subfield code="l">0</subfield>
    <subfield code="o">Cc 1/18</subfield>
    <subfield code="p">CDMR21120033</subfield>
    <subfield code="r">2021-12-03</subfield>
    <subfield code="w">2021-12-03</subfield>
    <subfield code="y">MON</subfield>
  </datafield>
</record>
